000 00696nam a22002177a 4500
999 _c17969
_d17969
003 AR-CdUCM
008 190510b ||||| |||| 00| 0 spa d
040 _aMUNICIPALIDAD PROVINCIAL DEL CUSCO
_cBIBLIOTECA MUNICIPAL DEL CUSCO
082 _a869.56 /
_bM36
100 _aMedina Flores, Isaac
_938260
245 _aLa virgen sin cabeza /
_cVíctor Isaac (seudonimo)
260 _aLima :
_bImp. La Popular,
_c1955.
300 _a112 páginas ;
_c18 cm.
505 _aContenido: Novela.
650 _aNovelas peruanas
_9545
650 _aLiteratura peruana
_9169
650 _aSiglo XX
_98
700 _aMedina Flores, Raúl (prólogo)
_938261
942 _2ddc
_cLIBROS
945 _aachl
_d2019-05-10